00406nam a22001097a 4500020001500000040000800015082002700023100001900050245010000069260010300169300002400272 a9745555827 cDLC a 737 MET 1990 C074 Or. aWanapat, Metha aNutritional aspects of ruminant production in Southeast Asia with special reference to Thailand aThailand,bDept. of Animal Science, Faculty of Agriculture, Khon Kaen University, Khon Kaen,c1990 a 217 pages :c25 cm